Statistics for All 40 Home Run Hitters in St. Louis Cardinals History

Click here to take the quiz!

General Stats

  • This quiz has been taken 62 times
  • The average score is 3 of 5

Answer Stats

YearsPlayer% Correct
2003, 2004, 2005, 200, 2009, 2010Albert Pujols
96%
1998, 1999Mark McGwire
96%
1922Rogers Hornsby
67%
2000, 2004Jim Edmonds
61%
1940Johnny Mize
24%

Score Distribution

Percentile by Number Answered

Percent of People with Each Score

Your Score History

You have not taken this quiz